[Event "Recife JEBS op"]
[Site "Recife"]
[Date "2024.09.29"]
[Round "4"]
[White "Deretti, Lucas Jurk"]
[Black "Do Nascimento, Enzo Gabriel Alves"]
[Result "1-0"]
[WhiteElo "1885"]
[BlackElo "1825"]
[PlyCount "81"]
[EventDate "2024.09.28"]
[EventType "swiss"]
[EventRounds "6"]
[EventCountry "BRA"]
[SourceTitle "EXT 2025"]
[Source "ChessBase"]
[SourceDate "2024.10.14"]
[SourceVersion "1"]
[SourceVersionDate "2024.10.14"]
[SourceQuality "1"]

1. e4 c6 2. d4 d5 3. Nc3 dxe4 4. Nxe4 Bf5 5. Ng3 Bg6 6. h4 h6 7. h5 Bh7 8. Nf3 Nf6 9. Bd3 Bxd3 10. Qxd3 e6 11. Bd2 Bd6 12. Ne4 Nxe4 13. Qxe4 Nd7 14. 0-0-0 Qc7 15. Kb1 Nf6 16. Qe2 0-0-0 17. c4 Kb8 18. Bc3 Qe7 19. Ne5 Nd7 20. Nxd7+ Rxd7 21. d5 Rg8 22. dxe6 Rdd8 23. Rhe1 f6 24. Qg4 b6 25. Qe4 Kc7 26. f4 f5 27. Qxf5 Rgf8 28. Qg6 Rxf4 29. Qxg7 Rxc4 30. Qxh6 Rxc3 31. bxc3 Qf8 32. Qxf8 Bxf8 33. Rxd8 Kxd8 34. g4 Bh6 35. Rd1+ Ke7 36. Rd7+ Kxe6 37. Rxa7 Be3 38. Ra8 Kf6 39. Rc8 Kg5 40. Rxc6 Kxg4 41. h6 1-0

[Event "Recife JEBS op"]
[Site "Recife"]
[Date "2024.09.29"]
[Round "5"]
[White "Do Nascimento, Enzo Gabriel Alves"]
[Black "Suzuki, Edgard Nascimento S"]
[Result "1/2-1/2"]
[WhiteElo "1825"]
[BlackElo "1650"]
[PlyCount "63"]
[EventDate "2024.09.28"]
[EventType "swiss"]
[EventRounds "6"]
[EventCountry "BRA"]
[SourceTitle "EXT 2025"]
[Source "ChessBase"]
[SourceDate "2024.10.14"]
[SourceVersion "1"]
[SourceVersionDate "2024.10.14"]
[SourceQuality "1"]

1. e4 c5 2. Nf3 d6 3. d4 cxd4 4. Nxd4 Nf6 5. Nc3 a6 6. Bd3 e5 7. Nb3 Be7 8. f3 Be6 9. Be3 h5 10. Qe2 Qc7 11. 0-0-0 Nbd7 12. Kb1 b5 13. Qf2 Rc8 14. Rhg1 Nc5 15. Nxc5 dxc5 16. Nd5 Bxd5 17. exd5 Qd6 18. Be4 c4 19. c3 b4 20. Qc2 bxc3 21. Qxc3 Nxe4 22. fxe4 Qb4 23. Qxb4 Bxb4 24. Kc2 Kd7 25. Rdf1 f6 26. Rf2 Kd6 27. g4 hxg4 28. Rxg4 Rh7 29. Rfg2 Rg8 30. Rg6 Rh4 31. R6g4 Rh7 32. Bg1 1/2-1/2

[Event "Boa Vista Regional Norte-ch"]
[Site "Boa Vista"]
[Date "2024.05.31"]
[Round "3"]
[White "Beltrami, Reginaldo Silva"]
[Black "Do Nascimento, Enzo Gabriel Alves"]
[Result "0-1"]
[WhiteElo "1852"]
[BlackElo "1803"]
[PlyCount "92"]
[EventDate "2024.05.30"]
[EventType "swiss"]
[EventRounds "6"]
[EventCountry "BRA"]
[SourceTitle "CBM 220 Extra"]
[Source "ChessBase"]
[SourceDate "2024.07.31"]
[SourceVersion "1"]
[SourceVersionDate "2024.07.31"]
[SourceQuality "1"]

1. d4 d5 2. Bf4 e6 3. e3 Nf6 4. h3 Bd6 5. Bxd6 cxd6 6. Nf3 Nc6 7. Be2 Bd7 8. c3 Rc8 9. Nbd2 Na5 10. 0-0 0-0 11. Qc2 Re8 12. e4 dxe4 13. Nxe4 Nxe4 14. Qxe4 d5 15. Qc2 Nc4 16. Bd3 h6 17. Rfe1 b5 18. Ne5 Nxe5 19. Rxe5 b4 20. Qb3 Qb6 21. Qxb4 Qxb4 22. cxb4 Rb8 23. a3 a5 24. bxa5 Rxb2 25. Re2 Rxe2 26. Bxe2 Ra8 27. a6 Bc8 28. Kf1 Bxa6 29. Bxa6 Rxa6 30. a4 f6 31. Ke2 Kf7 32. Kd3 e5 33. dxe5 fxe5 34. Kc3 Ke6 35. Kb4 Kd6 36. Kb5 Ra8 37. Ra2 Rb8+ 38. Ka6 d4 39. Ka7 Rb1 40. a5 Kd5 41. a6 Rb5 42. Ka8 e4 43. a7 d3 44. g4 Kd4 45. Ra4+ Ke5 46. Ra2 Kf4 0-1

[Event "Boa Vista Regional Norte-ch"]
[Site "Boa Vista"]
[Date "2024.05.30"]
[Round "1"]
[White "Mesquita, Eduardo Barbosa"]
[Black "Do Nascimento, Enzo Gabriel Alves"]
[Result "1-0"]
[WhiteElo "1969"]
[BlackElo "1803"]
[PlyCount "51"]
[EventDate "2024.05.30"]
[EventType "swiss"]
[EventRounds "6"]
[EventCountry "BRA"]
[SourceTitle "CBM 220 Extra"]
[Source "ChessBase"]
[SourceDate "2024.07.31"]
[SourceVersion "1"]
[SourceVersionDate "2024.07.31"]
[SourceQuality "1"]

1. e4 c6 2. c4 d5 3. cxd5 cxd5 4. exd5 Qxd5 5. Nc3 Qd8 6. Nf3 Nf6 7. d4 e6 8. Bd3 Be7 9. 0-0 0-0 10. Qe2 Nc6 11. Rd1 Re8 12. a3 a5 13. Bf4 Nd5 14. Be5 Nxe5 15. dxe5 Bd7 16. Nxd5 exd5 17. Bb5 Bc6 18. e6 fxe6 19. Nd4 Qb6 20. Bxc6 bxc6 21. Nf5 Ra7 22. Rac1 Rc7 23. Rd3 Qa6 24. Nxg7 Qxd3 25. Qxd3 Kxg7 26. Qg3+ 1-0